Russian Tanks - Statistics

General Stats
  • This quiz has been taken 3,273 times
  • The average score is 11 of 15
Answer Stats
Picture Answer % Correct
T90
96%
T72
91%
T54/55
88%
T14
81%
T62
74%
T54/55
68%
T80
68%
T14
67%
T54/55
67%
T90
67%
T72
66%
T80
66%
T90
64%
T62
60%
T62
59%
No matching quizzes found
Score Distribution
Percent of People with Each Score
Percentile by Number Answered
Your Score History
You have not taken this quiz